[Event "Padova op-B 3rd"]
[Site "Padova"]
[Date "2000.12.10"]
[Round "5.22"]
[White "Pavon, Michele"]
[Black "Quaranta, Cristiano"]
[Result "1-0"]
[WhiteElo "1603"]
[BlackElo "1468"]
[PlyCount "57"]
[EventDate "2000.12.02"]
[EventType "swiss"]
[EventRounds "6"]
[EventCountry "ITA"]
[SourceTitle "EXT 2024"]
[Source "ChessBase"]
[SourceDate "2023.10.10"]
[SourceVersion "1"]
[SourceVersionDate "2023.10.10"]
[SourceQuality "1"]

1. e4 c5 2. Nf3 e6 3. d4 cxd4 4. Nxd4 a6 5. c4 Nf6 6. Nc3 Qc7 7. Bd3 Nc6 8. Nxc6 dxc6 9. Be3 c5 10. 0-0 b6 11. f4 Bb7 12. e5 Nd7 13. Be4 0-0-0 14. Qf3 h5 15. a4 g5 16. Rfd1 g4 17. Bxb7+ Qxb7 18. Qxb7+ Kxb7 19. a5 Be7 20. Ne4 Nb8 21. axb6 Kxb6 22. b4 Nd7 23. bxc5+ Nxc5 24. Rdb1+ Kc6 25. Bxc5 Bxc5+ 26. Nxc5 Kxc5 27. Rxa6 Kxc4 28. Ra7 Rh7 29. Rc7+ 1-0

[Event "Padova op-B 3rd"]
[Site "Padova"]
[Date "2000.12.02"]
[Round "1.37"]
[White "Pavon, Michele"]
[Black "Galiano, Salvatore"]
[Result "1-0"]
[WhiteElo "1603"]
[BlackElo "1416"]
[PlyCount "105"]
[EventDate "2000.12.02"]
[EventType "swiss"]
[EventRounds "6"]
[EventCountry "ITA"]
[SourceTitle "EXT 2024"]
[Source "ChessBase"]
[SourceDate "2023.10.10"]
[SourceVersion "1"]
[SourceVersionDate "2023.10.10"]
[SourceQuality "1"]

1. e4 c5 2. Nf3 e6 3. d4 cxd4 4. Nxd4 e5 5. Nb5 d6 6. N1c3 a6 7. Na3 Nc6 8. Nd5 b5 9. c3 Nf6 10. Bg5 Be6 11. Bxf6 gxf6 12. Qf3 Bg7 13. Nc2 Bxd5 14. exd5 Ne7 15. Bd3 Ng6 16. Nb4 0-0 17. Nc6 Qc7 18. 0-0 Ne7 19. Nxe7+ Qxe7 20. Qf5 Rfc8 21. Qxh7+ Kf8 22. Rfe1 Rc5 23. Re3 f5 24. Bxf5 Rxd5 25. Be4 Rd2 26. Bxa8 Qf6 27. Rf3 Qg5 28. Rg3 Qf6 29. Rf3 Qg5 30. Qf5 Qxf5 31. Rxf5 Rxb2 32. Bd5 f6 33. g3 Rc2 34. Rf3 Rd2 35. Bb7 a5 36. a4 Rb2 37. Bc6 b4 38. cxb4 Rxb4 39. Rd1 Ke7 40. Rfd3 Ke6 41. Rxd6+ Kf5 42. Bd7+ Kg6 43. Ra6 Bf8 44. Rxa5 Rb2 45. Rad5 Rc2 46. R5d2 Rc7 47. Ra2 Rb7 48. a5 Bc5 49. a6 Rc7 50. Kg2 Ba7 51. h4 Bd4 52. Rxd4 exd4 53. a7 1-0

[Event "Padova op-A 1st"]
[Site "Padova"]
[Date "1998.12.19"]
[Round "4.9"]
[White "Pavon, Michele"]
[Black "Trangoni, Bruno"]
[Result "1/2-1/2"]
[WhiteElo "1600"]
[BlackElo "1650"]
[PlyCount "103"]
[EventDate "1998.12.12"]
[EventType "swiss"]
[EventRounds "6"]
[EventCountry "ITA"]
[SourceTitle "EXT 2023"]
[Source "ChessBase"]
[SourceDate "2022.10.05"]
[SourceVersion "1"]
[SourceVersionDate "2022.10.05"]
[SourceQuality "1"]

1. e4 e5 2. Nf3 Nc6 3. Nc3 Nf6 4. d4 exd4 5. Nxd4 Bb4 6. Nxc6 bxc6 7. Bd3 d5 8. exd5 cxd5 9. 0-0 0-0 10. Bg5 Bxc3 11. bxc3 Bb7 12. Qf3 Rb8 13. Bxf6 Qxf6 14. Qxf6 gxf6 15. Rab1 Ba8 16. Rfe1 Rxb1 17. Rxb1 Re8 18. Kf1 Kg7 19. Rb5 Re5 20. Ra5 c5 21. Rxa7 Re8 22. Bb5 Rc8 23. g3 Kg6 24. Ke1 f5 25. f4 d4 26. cxd4 cxd4 27. Kd2 Be4 28. Bd3 Rd8 29. a4 h6 30. Ra6+ f6 31. Rb6 Ra8 32. Rb4 Bc6 33. Bb5 Rb8 34. Kd3 h5 35. Kxd4 h4 36. Rb3 Rd8+ 37. Ke3 Be4 38. Bd3 Bd5 39. Ra3 hxg3 40. hxg3 Rc8 41. a5 Be4 42. a6 Bxd3 43. Kxd3 Kf7 44. a7 Ra8 45. c4 Ke7 46. Kd4 Kd7 47. Kd5 Kc7 48. c5 Kb7 49. c6+ Kc7 50. Kc5 Rc8 51. a8Q Rxa8 52. Rxa8 1/2-1/2